00699nam 2200169 45000010005000001000041000051010008000462000168000542100054002222150029002763000051003056060026003566060012003827000030003947120085004248010020005096070 a20190729k u||y0frey50 ba afre aPlutonium, poumons et effets de proximité bBrochurefMaurice Eugène André gAssociation Internationale pour la Protection contre les Rayonnements Ionisants  aVisé, BelgiquecMaurice Eugène André d1996 a9 p. et annexesd30 cm.  aRéédition avec annexes supplémentaires.  aNucléaire (Energie) aSanté aMaurice Eugène André  aAssociation Internationale pour la Protection contre les Rayonnements Ionisants  aCHbCH-002049-8